[Event "UKR-ch"]
[Site "Ordzhonikidze"]
[Date "2001.09.08"]
[Round "1"]
[White "Areshchenko, Alexander"]
[Black "Ovsejevitsch, Sergei"]
[Result "1/2-1/2"]
[WhiteElo "2462"]
[BlackElo "2529"]
[Annotator "Postny,E"]
[PlyCount "59"]
[EventDate "2001.09.08"]
[EventType "swiss"]
[EventRounds "9"]
[EventCountry "UKR"]
[SourceTitle "CBM 086"]
[Source "ChessBase"]
[SourceDate "2002.02.05"]
[SourceVersion "1"]
[SourceVersionDate "2002.02.05"]
[SourceQuality "1"]

1. e4 e5 2. Nf3 Nc6 3. d4 exd4 4. Nxd4 Nxd4 $6 {This early exchange should not
be sufficient for the equality.} 5. Qxd4 {[%csl Gd4,Ge4] Now white has some
advantage in the centre.} Qf6 6. e5 {Another common alternative is 6.Be3. For
instanse:} (6. Be3 Qxd4 7. Bxd4 d6 8. Nc3 c6 9. f4 Nf6 10. Bd3 Be7 11. O-O-O
$14 {1-0 Hjartarson,J-Guttierez,R/Yerevan 1996/EXT 97 (43)}) 6... Qb6 7. Qxb6
axb6 8. Nc3 Bb4 9. Bd2 f6 $1 $146 {[%mdl 8] In according to my database this
move is new. The Pe5 gives white more space, so it's should be useful for
black to remove it.} (9... c6 10. a3 d5 11. exd6 Bxd6 12. O-O-O Be6 13. Ne4 Be7
14. Be3 b5 15. Bd4 f6 16. Nc5 Bxc5 17. Bxc5 Nh6 18. Bd3 Kf7 19. Rhe1 $16 {
1-0 Heyne,M-Schnabel,H/Bayern 1998/EXT 2000 (24)}) 10. Nd5 (10. exf6 Nxf6 11.
Bc4 c6 12. O-O d5 13. Bd3 O-O $11) 10... Bxd2+ 11. Kxd2 Kd8 12. exf6 ({After} 
12. f4 fxe5 13. fxe5 Ne7 {black has no problems.}) 12... Nxf6 13. Nxf6 gxf6 14.
Bd3 Ra5 15. b4 (15. Rhe1 {seems to be a little bit stronger.} Rg5 16. g3 d5 17.
a4 {with a very slight edge.}) 15... Rg5 16. g3 d5 17. a4 c6 (17... c5 $6 18.
f4 Rg7 19. a5 $36) 18. a5 bxa5 19. Rxa5 Kc7 20. Ra8 h6 {The most accurate
seems to me 20...Re5 placing the R on the open file.} 21. h4 $6 (21. f4 {
was the preferable option. Although after} Rg7 22. Re1 Rhg8 {despite the fact,
that white controls the "e" file white can not improve his position.} ({
by the way bad was} 22... Kd6 $2 {in view of} 23. Bf5 Rgg8 {[%tqu "En","How
should white continue?","","","a8c8","",5]} 24. Rxc8 $1 Rxc8 25. Re6+ Kc7 26.
Re7+ Kd8 27. Rd7+ Ke8 28. Rxb7 $16) 23. Kc3 (23. c4 dxc4 24. Bxc4 Rd8+ 25. Kc3
Rgd7) 23... Kd6) (21. b5 Rgg8 22. Re1 Re8 23. Rxe8 Rxe8 24. Ra4 {[%csl Rf6,Rh6]
[%cal Ya4h4]} Kd6 25. Rh4 Rh8 $11) 21... Re5 {Now, when black controls the "e"
file the position is completely equal.} 22. f4 Re7 23. g4 Rg7 24. Bf5 Rhg8 25.
Rxc8+ Rxc8 26. Bxc8 Kxc8 27. Rg1 $11 Kd7 28. Ke3 ({As well as the immideate
breakthrow leads to a draw. For instanse:} 28. g5 fxg5 29. fxg5 hxg5 30. Rxg5
Rxg5 31. hxg5 Ke6 32. Ke3 Kf5 33. Kd4 Kxg5 34. Kc5 Kf4 35. Kb6 Ke5 36. Kxb7 Kd6
$11) 28... Re7+ 29. Kf3 Re4 30. g5 ({The endgame is equal.The game could
continue:} 30. g5 hxg5 31. hxg5 fxg5 32. fxg5 Ke7 33. Rg4 Re1 $11) 1/2-1/2

[Event "ROM-ch"]
[Site "Targoviste"]
[Date "2001.11.28"]
[Round "5"]
[White "Cosma, Ioan"]
[Black "Navrotescu, Catalin"]
[Result "0-1"]
[WhiteElo "2472"]
[BlackElo "2435"]
[Annotator "Postny,E"]
[PlyCount "76"]
[EventDate "2001.11.23"]
[EventType "tourn"]
[EventRounds "15"]
[EventCountry "ROU"]
[EventCategory "9"]
[SourceTitle "CBM 087"]
[Source "ChessBase"]
[SourceDate "2002.03.21"]
[SourceVersion "1"]
[SourceVersionDate "2002.03.21"]
[SourceQuality "1"]

1. e4 e5 2. Nf3 Nc6 3. d4 exd4 4. Nxd4 Bc5 5. Nxc6 Qf6 6. Qd2 dxc6 7. Nc3 Be6
8. Na4 Rd8 9. Bd3 Bd4 10. O-O {The alternative 10.c3 is possible, but not
sufficient for the advantage, for example see the game Nataf,IA-Lautier,J/
Clichy 2001/CBM 85 [Postny]} b5 {Also appeared in practice: 10...a6, 10...Ne7,
10...Nh6, 10...Qh4.} 11. Nc3 (11. c3 {- see the game Shaked,T-Gligoric,S/
Cannes Generations 1998/CBM 65 [Mikhalevski,V]}) 11... Ne7 ({Another playable
alternative could be:} 11... Nh6 12. a4 a6 13. Qf4 Ng4 14. Qxf6 gxf6 15. Ne2
Bb6 16. Nf4 h5 17. h3 Ne5 18. Be2 h4 19. Kh2 Bc4 20. b3 Bxe2 21. Nxe2 Rg8 22.
f3 {1/2-1/2 Shaked,T-Spassky,B/Hoogeveen 1998/EXT 99 (22)}) 12. Qf4 $146 {
According to my Database this move didn't appear in previous games, however
the idea itself of changing QQ is basic for this opening variation.} (12. a4 {
- see the game Van der Wiel,J-Van der Sterren,P /NED-ch 1998 Rotterdam/CBM 66 
[Mikhalevski,V]}) (12. Kh1 Qh4 13. Ne2 Bb6 14. a4 a6 15. axb5 axb5 16. Ng3 O-O
17. Qe2 Kh8 18. Be3 f5 19. Bxb6 cxb6 20. exf5 Bxf5 21. Nxf5 Nxf5 22. Ra7 $14 {
1/2-1/2 Wells,P-Gretarsson,H/Berlin 1995/CBM 47 ext (34)}) 12... O-O 13. Qxf6 (
{Can not be recommended for white:} 13. Qxc7 $6 Rd7 14. Qg3 Bxc3 15. bxc3 Qxc3)
13... Bxf6 14. Be3 ({After} 14. Bf4 {[%csl Rc7,Rf6][%cal Ge4e5]} Ng6 15. Bxc7
Rd7 16. Bg3 Ne5 {black has full compensation for the sacrificed pawn.}) 14...
Nc8 $6 {From the positional point of view this is logical manoeuvre, but now
white takes the initiative and black's N will have no time to rich better
pastures.} (14... Bd4 $5 $14) 15. Bc5 ({Dubious is} 15. f4 $6 Bxc3 16. bxc3 Nb6
{[%csl Ra4,Rc4]}) 15... Rfe8 16. a4 Bc4 17. Bxc4 (17. axb5 $6 Bxd3 18. cxd3
Rxd3 19. bxc6 Bxc3 20. bxc3 Rxc3 21. Rfc1 Rxc1+ 22. Rxc1 Rxe4 23. Rd1 Re8 $11)
17... bxc4 18. Rfd1 {The pawn majority on the kingside gives white better
prospects in the endgame.The positional threat now is to swap all RR.} Bxc3 19.
bxc3 {[%mdl 16]} a5 {[%csl Ra4][%cal Gc8b6]} 20. Bd4 $6 {This move is a waste
of time.} (20. f3 $1 Rxd1+ (20... Nb6 21. Rd4 $16) 21. Rxd1 Nb6 22. Bxb6 cxb6
23. Rd7 $16) 20... Nb6 21. f3 c5 $6 {Too optimistic.} (21... f6 $14) 22. Be5 $5
{Exploiting the weakness of the 8th rank.} ({Possible as well} 22. Bf2) 22...
Rxd1+ 23. Rxd1 f5 (23... Nxa4 $6 24. Ra1 Rxe5 25. Rxa4 $16) 24. f4 $1 (24. Bxc7
Nxa4 25. Bxa5 fxe4 26. fxe4 Rxe4 $11) 24... fxe4 25. Bxc7 $2 (25. Kf2 {The
centralization is more important factor at the moment, than the Pc7.} g5 (25...
Nxa4 26. Rd7) 26. g3 Nxa4 27. Ke3 {White has the initiative in the endgame.})
25... Nxa4 26. Be5 (26. Bxa5 Ra8 $17 {[%csl Rc3]}) 26... g5 $1 27. g3 e3 (27...
Nb6 {[%csl Ga5][%cal Ga5a1]} 28. Bc7 $11) 28. Rb1 $1 {[%csl Ra4]} (28. Ra1 Nb6
29. Rxa5 gxf4 30. gxf4 Nd7 31. Kf1 Nxe5 32. fxe5 Rxe5 33. Ke2 $15) 28... gxf4
29. gxf4 Kf7 30. Kf1 Kg6 31. Rb5 ({For the white's safety black Pe3 should
have been captured as soon as possible. After} 31. Ke2 Kf5 32. Kxe3 Nxc3 33.
Rb7 Re7 34. Rb8 {the result should be a draw.}) 31... Kf5 {Now the Pe3 is
supported by his own K.White should be very careful.} 32. Rxa5 Nb6 33. Ra7 $2 {
The decisive mistake.} ({Necessary was to include the R in the defense by
simple capture:} 33. Rxc5 Ke4 34. Rc6 $1 Rd8 {(In case of 34...Nd5 or 34...Nd7,
35.Ke2 follows and white is out of danger.)} 35. Rxb6 Rd1+ 36. Ke2 Rd2+ 37. Ke1
Rxh2 (37... Kf3 $2 38. Rh6 {[%cal Gh6h3]}) 38. Bd4 Kf3 39. Bxe3 Kxe3 40. Re6+
Kxf4 41. Rc6 $11) 33... Ke4 34. Rxh7 (34. Ke2 Rg8 $19) 34... Ra8 $19 {Now
white is defenseless against the combined force of black's pieces.Strong as
well was 34...Rd8.} 35. Kg2 Nd5 36. h4 Ra1 37. Rh5 e2 38. Bb8 {[%cal Gh5e5]}
Nxf4+ 0-1

[Event "Olympiad-36"]
[Site "Mallorca"]
[Date "2004.10.19"]
[Round "5"]
[White "Wang, Hao"]
[Black "Jenni, Florian"]
[Result "1/2-1/2"]
[WhiteElo "2456"]
[BlackElo "2503"]
[Annotator "Postny,E"]
[PlyCount "133"]
[EventDate "2004.10.15"]
[EventType "team-swiss"]
[EventRounds "14"]
[EventCountry "ESP"]
[SourceTitle "CBM 104"]
[Source "ChessBase"]
[SourceDate "2005.01.27"]
[SourceVersion "1"]
[SourceVersionDate "2005.01.27"]
[SourceQuality "1"]
[WhiteTeam "China"]
[BlackTeam "Switzerland"]
[WhiteTeamCountry "CHN"]
[BlackTeamCountry "SUI"]

1. e4 e5 2. Nf3 Nc6 3. d4 exd4 4. Nxd4 Nf6 5. Nxc6 bxc6 6. e5 Qe7 7. Qe2 Nd5 8.
c4 Ba6 (8... Nb6 {is the other main line.}) 9. b3 {Defending Pc4 and preparing
the fianchetto of the dark-squared bishop.} O-O-O {This move appeared even in
back in 19th century! The alternative 9...g5 saw the light in the Wch match
Kasparov-Anand.} 10. g3 {A flexible move. White covers the f4 square, as well
as getting the possibility of double fianchetto.} ({Also appeared in practice:
} 10. Bb2) 10... g5 {This move is directed against f2-f4, while black is
preparing to develop his bishop to g7 an put a pressure on Pe5 which is
black's main idea in this opening line.} (10... f6 {- see the commented game
Pavasovic,D-Jenni,F/Leipzig 2002/CBM 89 [Postny]}) (10... Re8 11. Bb2 f6 {
- see the commented game De la Riva Aguado,O-Xie Jun/Pamplona 1999/CBM 69 
[Mikhalevski,V]}) 11. Bb2 (11. Ba3 {was brilliantly refuted in the game
Macieja,B-Karpov,A/Warsaw 2003/CBM 95 [Postny,E] (0-1,34)}) 11... Bg7 12. Nd2 {
This position usually arises after the following order of moves: 9...g5 10.g3
Bg7 11.Bb2 0-0-0 12.Nd2.} ({Few rounds later Jenni played the same line as
black:} 12. Bg2 Rde8 13. O-O Bxe5 14. Qxe5 Qxe5 15. Bxe5 Rxe5 16. cxd5 Bxf1 17.
Kxf1 cxd5 18. Nc3 c6 {and in this endgame the chances are approximately equal.
Eventually, black got the upper hand in the game Mamedov,R-Jenni,F/Mallorca
2004/CBM 104 (51)}) 12... Nb4 (12... Rhe8 13. O-O-O Nb6 14. f4 gxf4 15. gxf4 f6
{--> 0-1 Hector,J-Timman,J/Malmo 2001/CBM 84 [Postny,E] (40)}) 13. Nf3 (13. Kd1
c5 14. Bg2 Bb7 15. Bxb7+ Kxb7 16. f4 d6 $15 {0-1 Gaston,S-Verat,L/Paris 2001/
CBM 83 ext (39)}) 13... g4 $2 $146 {A tempting move. Kicking the knight from
f3, black is hoping to break throw the centre. However, this idea is
tactically unjustified.} ({The following game is critical for the evaluation
of this opening line:} 13... Rhe8 14. Bh3 c5 15. Bg4 f6 16. Bh5 fxe5 17. Bxe8
Rxe8 $44 {1/2-1/2 Motylev,A-Jakovenko,D/Elista 2001/CBM 83 [Postny,E] (41)}) ({
Also possible is} 13... c5 14. Bg2 Bb7 {0-1 Kovchan,A-Potapov,A/Noyabrsk 2003/
CBM 99 [Postny,E] (40)}) 14. Nh4 Qg5 (14... Bxe5 15. Qxe5 Qxe5+ 16. Bxe5 Rhe8
17. Kd2 Rxe5 18. a3 $18 {[%csl Rb4]}) 15. a3 Bxe5 (15... Nd5 16. Qd2 $16) 16.
f4 $1 ({Capturing the knight is extremely dangerous for white, though the
arising variations are wild and complicated:} 16. axb4 $6 Rhe8 17. Kd1 d5 18.
Bc1 dxc4+ 19. Kc2 Bf4 (19... cxb3+ 20. Kxb3 Bxe2 21. Bxg5 Bxa1 22. Bxd8 {
and white is winning a piece.}) 20. Bxf4 Rxe2+ 21. Bxe2 Qe7 22. Bxg4+ Kb7 $40 {
[%csl Rc2]}) (16. Bxe5 $2 {[%tqu "En","Please enter a move for black.","","",
"b4d3","",5]} Nd3+ $1 17. Kd1 Qxe5 {and black is just a pawn up.}) 16... Bxb2 (
16... gxf3 17. Nxf3 Bxb2 18. Nxg5 Rhe8 19. Kd2 Rxe2+ 20. Bxe2 Bxa1 21. Rxa1 $18
{[%csl Rb4]}) 17. fxg5 (17. Qxb2 $6 Qe7+ 18. Kf2 Qc5+ 19. Kg2 Nd5 20. cxd5
Qxd5+ 21. Kg1 Bxf1 22. Rxf1 Rhe8 $44) 17... Rhe8 18. Rb1 $2 {Missing the win.}
(18. Kd2 $1 Rxe2+ (18... d5 19. Qxg4+ Kb8 20. axb4 dxc4+ 21. Kc2 $18) 19. Bxe2
Bxa1 20. Rxa1 $18 {[%csl Rb4]}) 18... Bxa3 19. Kd2 Rxe2+ 20. Bxe2 d5 {Now
black has good compensation for the pawn. White has to be on his guard, his
king might be in danger.} 21. Bxg4+ $6 {This capture (even with check!)
appeares to be not the best move.} ({After the correct} 21. Kc3 $1 {black has
no more than a perpetual check:} Na2+ (21... dxc4 $2 22. bxc4 $18 {White's
bishop covers d3.}) 22. Kc2 Nb4+ 23. Kc3 Na2+ $11) 21... Kb7 22. c5 $2 {
Trying to close the lines, but this move only plays in black's hands.} (22. Kc3
$6 dxc4 23. Bf5 Nd5+ 24. Kc2 Ne3+ 25. Kc3 c5 $40 {[%cal Ga3b4]}) ({The right
move seems to be} 22. Ke3 $1 {moving the king out from the danger zone.}) 22...
d4 23. Bf3 (23. Bf5 Nd5 $17) 23... Bd3 24. Ng2 a5 $1 {Well played. Black does
not play for the material, but for the initiative.} ({After} 24... Bxb1 25.
Rxb1 Na2 26. Ra1 Nc3 27. Kd3 Bxc5 28. Rf1 {[%csl Rf7][%cal Gf3h5] white has
good chances to survive.}) 25. Ra1 Bb2 26. Rxa5 Bc3+ 27. Kc1 Bf5 {[%cal Gb4d3]}
28. Rb5+ {White has to give the exchange back not to lose immediatly.} (28. Nf4
d3 $19) 28... Ka6 29. Rxb4 Bxb4 {At the moment the position is materially
equal, but the pair of excellent bishops and strong passed "d" pawn yields
black decisive advantage.} 30. g4 Be6 31. Kb2 {[%cal Gg2f4]} Bd5 $1 32. Rf1 d3
33. Ne3 Bxf3 34. Rxf3 Rd7 35. Nd1 Kb5 {Black's pieces are excellently
coordinated nad the "d" pawn should decide the game. Still, the matters are
not that simple...} 36. Rh3 Kxc5 37. Nf2 $1 (37. Rxh7 Re7 $1 $19) 37... d2 38.
Kc2 Rd5 39. Nd3+ (39. Rxh7 Kd4 $19 {[%cal Gd5c5,Gc5c1]}) 39... Kb5 40. Rf3 c5
41. h4 Rd4 42. Nf2 c4 43. Rxf7 cxb3+ 44. Kxb3 d1=Q+ $2 {Winning the knight is
not enough for a win, since white will capture all black's remaining pawns.} ({
The following line looks like the winning one:} 44... Rd3+ $1 45. Kc2 (45. Kb2
Rc3 46. Rxh7 Rc1 47. g6 $140 Ka4 {[%cal Rb4c3] and white's king is in the
mating net.}) 45... Rc3+ 46. Kd1 (46. Kxd2 Rf3+ $19 {[%csl Rf7]}) 46... Rc1+
47. Ke2 Re1+ 48. Kf3 Rf1 49. Rd7 Bd6 $19 {[%cal Rf1f2]}) 45. Nxd1 Rxd1 46. Rxc7
Rd3+ 47. Kc2 Rg3 48. Rxh7 {All black's pawns disappeared. The forthcoming
black's attempts to create a mating net can be easily parried.} Kc4 49. Rc7+
Bc5 50. g6 Rg2+ 51. Kb1 Rg1+ 52. Kc2 Rg2+ 53. Kb1 Rxg4 54. h5 Rg1+ 55. Kc2 Rg2+
56. Kb1 Kd5 57. g7 Be3 58. Rd7+ Kc5 59. Rc7+ Kb4 60. Rb7+ Ka3 61. Rd7 Kb4 (
61... Bh6 62. Rd3+ $1 Kb4 63. Rd6 Bxg7 64. Rg6 $11) 62. Rd3 Rg1+ 63. Kc2 Rg2+
64. Kd1 Bh6 65. Rd6 Bxg7 66. Rg6 {[%mdl 256]} Rxg6 67. hxg6 1/2-1/2

[Event "UKR-ch"]
[Site "Ordzhonikidze"]
[Date "2001.09.12"]
[Round "5"]
[White "Rogovski, Vladimir"]
[Black "Savon, Vladimir A"]
[Result "1-0"]
[WhiteElo "2443"]
[BlackElo "2449"]
[Annotator "Postny,E"]
[PlyCount "81"]
[EventDate "2001.09.08"]
[EventType "swiss"]
[EventRounds "9"]
[EventCountry "UKR"]
[SourceTitle "CBM 086"]
[Source "ChessBase"]
[SourceDate "2002.02.05"]
[SourceVersion "1"]
[SourceVersionDate "2002.02.05"]
[SourceQuality "1"]

1. e4 e5 2. Nf3 Nc6 3. d4 exd4 4. Nxd4 Bb4+ 5. c3 Be7 6. Bc4 {Besides white
has many other options: 6.Nc6, 6.Be2, 6.Bd3, 6.Be3, 6.Bf4, 6.g3, 6.Nf5, 6.f4.}
Ne5 {This move seems to me as an inaccuracy.} (6... Nf6 7. Nxc6 bxc6 8. e5 Nd5
9. Bxd5 cxd5 10. Qxd5 Ba6 11. c4 c6 12. Qe4 O-O 13. O-O f6 $44 {0-1 Kholmov,
R-Malaniuk,V/Katowice 1993/EXT 98 (41)}) 7. Bb3 d6 $6 {Again the development
of kingside N was preferable.} (7... Nf6 8. f4 Ng6 9. Qe2 d6 10. e5 dxe5 11.
fxe5 Bg4 12. Qb5+ c6 13. Qxb7 Nxe5 14. Nxc6 Nxc6 15. Qxc6+ Bd7 16. Qf3 O-O 17.
O-O Bc5+ 18. Kh1 Bg4 19. Qg3 Be2 20. Rf5 Ne4 21. Qe1 Qd3 $36 {0-1 Zelcic,
R-Efimov,I/Bratto 1997/EXT 2000 (36)}) 8. f4 Ng6 9. Nf5 $1 Bf6 $2 $146 {
Black's play in the opening is certainly not "on the mark".} (9... Bxf5 10.
exf5 Nh4 11. Qd5 Nh6 12. Qxb7 O-O 13. O-O Qd7 14. Nd2 N4xf5 15. Nc4 a5 16. Ne3
Nxe3 17. Bxe3 a4 18. Bc2 $14 {1-0 Messing,H-Planinc,A/Cateske Toplice 1968/EXT
2000 (69)}) 10. O-O $6 ({Strong was} 10. Qd5 Qd7 (10... Be6 11. Qxb7 $16) 11.
O-O $16 {Black can hardly move a piece.}) 10... N8e7 11. Nxg7+ $2 {Interesting,
but not the best.} (11. g4 $1 h6 $8 (11... O-O 12. g5 Nxf5 13. exf5 Bxf5 14.
gxf6 Qxf6 15. Qd4 Qh4 16. Qf2 $18) (11... Nxf5 12. exf5 Nh4 13. g5 Be7 14. Qh5
$18 {[%csl Rf7,Rh4]}) 12. g5 hxg5 13. fxg5 Be5 14. Nxg7+ $1 Bxg7 15. Bxf7+ Kd7
16. Bxg6 Be5 (16... Nxg6 17. Rf7+ Ne7 18. Rxg7 Qf8 19. Qd4 $16 {This move
should have been seen, before white's playing 11.g4!}) 17. Bh5 Qg8 (17... Bxh2+
18. Kg2 $16) 18. h3 Qh7 19. Bg4+ Kd8 20. Nd2 $16 {A kind of computer variation,
but seems to be strong...}) 11... Bxg7 12. f5 O-O 13. Qh5 $6 (13. Bg5 Qe8 14.
f6 Bh8 15. fxe7 Nxe7 16. Qf3 $14) 13... Qe8 14. Nd2 $6 {This is also an
inaccuracy. The N on d2 is blocking the dark-squared B.} (14. Bh6 Bxh6 15. Qxh6
{[%cal Gf5f6]} Kh8 $8 16. f6 Rg8 17. fxe7 Be6 $11) (14. f6 Bh8 15. fxe7 Qxe7
16. Bh6 Bg7 $13) 14... Qb5 $1 {This move was probably overlooked or underrated
by V.Rogovski. At the moment white can not return the piece back.} 15. Rf3 Qe2
(15... Ne5 $2 16. Rh3 h6 17. Nf1 {[%cal Gc1h6]} d5 $5 {[%cal Gb5b6,Yb6h6,Yb6g1]
} 18. Rg3 {with strong attack.}) 16. fxg6 Nxg6 ({Possible was} 16... hxg6 {
since after} 17. Qg5 Nc6 {white can not take on g6 because of Ne5.}) 17. Qg5 ({
Bad for white is:} 17. Rxf7 $2 Qxh5 18. Rf5+ Kh8 19. Rxh5 Nf4 $17) 17... Be6 (
17... Ne5 18. Rf2 (18. Rg3 Ng4 $1) 18... Qg4 $11) 18. Bc2 Qe1+ ({Can be
recommended for black:} 18... h6 19. Qg3 Be5 20. Qf2 Qxf2+ {Black's K is
weaker, than white's, so the QQ exchange is in black's favour; after} 21. Rxf2
Bf4 {black's position is slightly preferable.}) 19. Nf1 Qh4 20. Qb5 $1 {
White should keep the queens on the board (read the previous comment).} b6 21.
Be3 (21. Bg5 $6 a6 $1 22. Bxh4 axb5 $15) 21... Be5 22. h3 Kh8 23. Qe2 Rg8 24.
Qd2 Qe7 (24... Qh5 $6 25. Bd1 {[%csl Gd1,Rh5]}) 25. Kh1 Nh4 ({Deserved
attention} 25... Rad8 {[%cal Gd6d5]} 26. Bb3 c6 27. Bxe6 Qxe6 (27... fxe6 28.
Bg5) 28. Qf2 Rd7 $13) 26. Rf2 f6 $6 ({More logical would be} 26... Rg6 {
[%cal Ya8g8]} 27. Bd4 Rag8 28. Ne3 Rg3 $15) 27. Bb3 Qd7 $6 ({Again} 27... Rg6 {
was better}) 28. Bd4 Qe7 (28... Bxh3 $2 29. Bxe5 fxe5 30. gxh3 Qxh3+ 31. Nh2
$18) (28... Raf8 $5) 29. Ne3 Rg6 $2 {Now this move is just loses...} (29...
Raf8 30. Bxe6 Qxe6 31. Ng4 $14) 30. Nf5 $2 ({Missing the simple win after} 30.
Bxe6 Qxe6 31. Nf5 $18 {[%csl Rh4]} Bg3 32. Nxg3 {[%csl Rf6]}) 30... Bxf5 31.
exf5 Rg5 32. Be6 $16 {[%csl Ge6,Gf5,Rh4]} Qg7 $6 (32... Ng6 33. Bd5 $18) (32...
Re8) 33. Be3 Rg3 34. Bh6 Qe7 35. Bf4 Rg7 36. g3 $2 {Both players were probably
in terrible time-trouble...} (36. Re1 {[%csl Rh4][%cal Ge1e4,Ge4h4]} c6 37. Re4
Ng6 (37... d5 38. Rxe5 fxe5 39. Bxe5 $18) 38. Bh6 $18) 36... Ng6 $2 (36... Bxf4
37. Qxf4 (37. Rxf4 Ng6 {[%csl Ge5][%cal Yg6e5]}) 37... Ng6 38. fxg6 Qxe6 39.
Qxf6 Qxf6 40. Rxf6 Rxg6 $11) 37. Bh6 Bxg3 38. Rg2 {Now it's all over for black,
since too much black's pieces are hanging.} Nh4 39. Rgg1 ({The simplest way
for a win was:} 39. Bxg7+ Qxg7 40. Rag1 $18) 39... Rag8 40. Qe3 Nxf5 41. Bxf5 {
In the end of the drama white remained with a piece up... Not the best game
for both players.} 1-0